000 00385pab a2200157 454500
008 180718b2012 xxu||||| |||| 00| 0 eng d
100 _aDeaton, Angus
245 _aThe financial crisis and the well being of Americans
260 _c2012
300 _ap.1-26.
362 _aJan
650 _aEconomic recession
773 _aOxford Economic Papers
908 _aN
909 _a96152
999 _c96152
_d96152